[Event "GM-Turnier"]
[Site "Berlin"]
[Date "2009.07.05"]
[Round "2.6"]
[White "Jemelin, Wassili"]
[Black "Erdoes, Viktor"]
[Result "0-1"]
[WhiteElo "2588"]
[BlackElo "2565"]
[PlyCount "74"]
[EventDate "2009.07.??"]

1. e4 {1:23:31} 1... e6 {1:21:34} 2. d4 {1:23:52} 2... d5 {1:21:59} 3. Nd2 {
1:23:49} 3... a6 {1:20:18} 4. Ngf3 {1:03:34} 4... c5 {1:19:39} 5. exd5 {1:03:58
} 5... exd5 {1:19:50} 6. dxc5 {1:04:19} 6... Bxc5 {1:19:55} 7. Nb3 {1:04:44}
7... Bb6 {1:15:58} 8. Qe2+ {1:03:59} 8... Ne7 {1:15:45} 9. Be3 {1:00:45} 9...
Nbc6 {1:15:29} 10. Qd2 {0:53:11} 10... O-O {1:13:06} 11. Be2 {0:53:19} 11...
Re8 {1:06:21} 12. O-O {0:50:13} 12... Bxe3 {0:55:03} 13. Qxe3 {0:48:49} 13...
Ng6 {0:45:55} 14. Qd2 {0:49:03} 14... Qf6 {0:45:37} 15. c3 {0:36:44} 15... Nf4
{0:43:21} 16. Rfe1 {0:37:04} 16... Bg4 {0:32:44} 17. Nfd4 {0:25:32} 17... Nxd4
{0:12:10} 18. Bxg4 {0:25:28} 18... Qg5 {0:08:39} 19. cxd4 {0:25:03} 19... Qxg4
{0:08:51} 20. f3 {0:25:25} 20... Qf5 {0:08:10} 21. Nc5 {0:23:11} 21... b6 {
0:05:17} 22. Nxa6 {0:18:56} 22... h5 {0:05:43} 23. Nb4 {0:17:58} 23... Rac8 {
0:04:03} 24. a3 {0:12:08} 24... h4 {0:03:56} 25. Qf2 {0:07:41} 25... h3 {
0:02:25} 26. g3 {0:03:58} 26... Ng2 {0:00:25} 27. Re2 {0:02:27} 27... Kf8 {
0:00:19} 28. Rd1 {0:00:38} 28... g6 {0:00:11} 29. Nd3 {0:00:17} 29... Rxe2 {
0:00:14} 30. Qxe2 {0:00:46} 30... Re8 {0:00:39} 31. Qf2 {0:00:29} 31... Kg7 {
0:00:33} 32. g4 {0:00:22} 32... Qg5 {0:00:49} 33. Qd2 {0:00:16} 33... Re3 {
0:00:30} 34. Rf1 {0:00:06} 34... Qe7 {0:00:08} 35. Kf2 {0:00:04} 35... Qf6 {
0:00:02} 36. Ne1 {0:00:04} 36... Qh4+ {0:00:30} 37. Kg1 {0:00:22} 37... Rxe1 {
0:00:52} 0-1

[Event "GM-Turnier"]
[Site "Berlin"]
[Date "2009.07.05"]
[Round "3.1"]
[White "Erdoes, Viktor"]
[Black "Schneider, Ilja"]
[Result "1/2-1/2"]
[WhiteElo "2565"]
[BlackElo "2508"]
[PlyCount "60"]
[EventDate "2009.07.??"]

1. d4 {1:29:30} 1... d5 {1:29:58} 2. c4 {1:29:47} 2... c6 {1:30:22} 3. Nc3 {
1:29:40} 3... Nf6 {1:30:43} 4. Nf3 {1:28:19} 4... a6 {1:30:54} 5. e3 {1:22:27}
5... b5 {1:30:46} 6. c5 {1:22:35} 6... Nbd7 {1:30:52} 7. a3 {1:20:54} 7... a5 {
1:23:08} 8. Bd2 {1:20:45} 8... g6 {1:19:02} 9. b4 {1:20:58} 9... Bg7 {1:10:14}
10. bxa5 {1:17:11} 10... Rxa5 {1:02:09} 11. a4 {1:17:21} 11... bxa4 {1:02:06}
12. Rxa4 {1:17:46} 12... Rxa4 {1:01:24} 13. Qxa4 {1:18:10} 13... Qc7 {1:01:37}
14. Ba6 {1:04:54} 14... O-O {0:56:43} 15. O-O {1:05:08} 15... e5 {0:54:32} 16.
Rb1 {0:58:28} 16... Ne4 {0:48:00} 17. Bxc8 {0:27:35} 17... Rxc8 {0:36:31} 18.
Nxe4 {0:21:51} 18... dxe4 {0:36:52} 19. Nxe5 {0:22:16} 19... Nxe5 {0:36:05} 20.
dxe5 {0:22:41} 20... Qxe5 {0:36:26} 21. Qa6 {0:18:34} 21... Rb8 {0:34:19} 22.
Rxb8+ {0:15:41} 22... Qxb8 {0:34:44} 23. g3 {0:12:55} 23... Qb1+ {0:33:33} 24.
Kg2 {0:13:07} 24... Qd1 {0:33:50} 25. Qc8+ {0:11:23} 25... Bf8 {0:34:16} 26.
Bc3 {0:11:19} 26... Qf3+ {0:34:35} 27. Kg1 {0:11:26} 27... Qd1+ {0:34:56} 28.
Kg2 {0:11:51} 28... Qf3+ {0:35:18} 29. Kg1 {0:11:29} 29... Qd1+ {0:35:26} 30.
Kg2 {0:11:51} 30... Qf3+ {0:35:52} 1/2-1/2

[Event "GM-Turnier"]
[Site "Berlin"]
[Date "2009.07.05"]
[Round "3.3"]
[White "Stern, Rene"]
[Black "Paehtz, Elisabeth"]
[Result "1/2-1/2"]
[WhiteElo "2498"]
[BlackElo "2474"]
[PlyCount "117"]
[EventDate "2009.07.??"]

1. d4 {1:30:24} 1... e6 {1:29:45} 2. c4 {1:30:46} 2... b6 {1:30:05} 3. Nc3 {
1:29:59} 3... Bb4 {1:30:29} 4. Bd2 {1:30:07} 4... Bb7 {1:30:19} 5. e3 {1:29:24}
5... Nf6 {1:26:59} 6. Nf3 {1:29:35} 6... Bxc3 {1:22:50} 7. Bxc3 {1:29:07} 7...
Ne4 {1:23:15} 8. Rc1 {1:27:47} 8... O-O {1:22:55} 9. Be2 {1:27:38} 9... d6 {
1:22:11} 10. O-O {1:28:03} 10... Nd7 {1:22:32} 11. Nd2 {1:17:41} 11... Nxc3 {
1:21:08} 12. Rxc3 {1:18:05} 12... c5 {1:21:06} 13. dxc5 {0:51:19} 13... bxc5 {
1:07:46} 14. Bf3 {0:43:56} 14... Bxf3 {1:03:19} 15. Nxf3 {0:43:35} 15... Nb6 {
1:03:05} 16. b3 {0:33:58} 16... Qc7 {0:55:04} 17. e4 {0:29:42} 17... a5 {
0:54:07} 18. Rd3 {0:24:20} 18... Nc8 {0:52:42} 19. h3 {0:15:13} 19... a4 {
0:52:44} 20. Re1 {0:15:07} 20... axb3 {0:48:14} 21. axb3 {0:15:32} 21... f6 {
0:43:25} 22. Nd2 {0:15:40} 22... Ne7 {0:42:31} 23. Qg4 {0:14:01} 23... Qd7 {
0:38:38} 24. Nb1 {0:08:25} 24... Nc6 {0:38:13} 25. Qd1 {0:08:30} 25... Nd4 {
0:34:43} 26. Nc3 {0:08:33} 26... Rab8 {0:31:58} 27. Ne2 {0:06:14} 27... e5 {
0:31:44} 28. Nxd4 {0:06:16} 28... exd4 {0:29:49} 29. Qg4 {0:06:39} 29... Qxg4 {
0:29:43} 30. hxg4 {0:07:06} 30... Ra8 {0:26:58} 31. f4 {0:06:29} 31... Ra2 {
0:24:18} 32. e5 {0:04:31} 32... dxe5 {0:22:17} 33. fxe5 {0:04:56} 33... Re8 {
0:21:18} 34. e6 {0:03:41} 34... Ra6 {0:20:27} 35. b4 {0:03:29} 35... cxb4 {
0:20:44} 36. Rxd4 {0:03:50} 36... Raxe6 {0:20:23} 37. Rxe6 {0:03:43} 37... Rxe6
{0:20:50} 38. c5 {0:03:07} 38... b3 {0:19:37} 39. Rb4 {0:03:25} 39... Rc6 {
0:17:40} 40. Rxb3 {0:03:51} 40... Rxc5 {0:18:07} 41. Kf2 {0:04:11} 41... Rc4 {
0:18:18} 42. Kf3 {0:03:39} 42... Kf7 {0:16:33} 43. Rb7+ {0:02:13} 43... Kg6 {
0:16:58} 44. Rb5 {0:02:03} 44... Rc1 {0:16:41} 45. Ra5 {0:02:10} 45... Re1 {
0:17:01} 46. Rb5 {0:02:12} 46... Re5 {0:17:12} 47. Rb7 {0:02:38} 47... Kh6 {
0:16:35} 48. g3 {0:29:18} 48... Ra5 {0:44:11} 49. Rc7 {0:28:24} 49... g6 {
0:43:00} 50. Rb7 {0:28:37} 50... Ra3+ {0:42:23} 51. Kg2 {0:28:35} 51... Kg5 {
0:40:46} 52. Rxh7 {0:28:51} 52... Ra4 {0:40:14} 53. Kf3 {0:23:30} 53... Rxg4 {
0:40:40} 54. Ra7 {0:23:51} 54... Rb4 {0:40:12} 55. Ra5+ {0:22:38} 55... f5 {
0:40:30} 56. Ra2 {0:22:28} 56... Rb3+ {0:40:44} 57. Kg2 {0:22:44} 57... Kh5 {
0:40:51} 58. Ra4 {0:22:50} 58... Re3 {0:40:07} 59. g4+ {0:22:00  0:39:01}
1/2-1/2

[Event "GM-Turnier"]
[Site "Berlin"]
[Date "2009.07.05"]
[Round "3.4"]
[White "Agopov, Mikael"]
[Black "Kurmann, Oliver"]
[Result "1-0"]
[WhiteElo "2442"]
[BlackElo "2420"]
[PlyCount "97"]
[EventDate "2009.07.??"]

1. e4 {1:29:57} 1... c5 {1:30:21} 2. Nf3 {1:30:20} 2... e6 {1:30:38} 3. d4 {
1:30:46} 3... cxd4 {1:31:01} 4. Nxd4 {1:31:13} 4... Nc6 {1:31:11} 5. Nc3 {
1:31:39} 5... a6 {1:31:34} 6. Nxc6 {1:31:40} 6... bxc6 {1:31:58} 7. Bd3 {
1:31:57} 7... d5 {1:32:17} 8. O-O {1:32:16} 8... Nf6 {1:32:32} 9. Re1 {1:31:28}
9... Be7 {1:32:51} 10. e5 {1:31:17} 10... Nd7 {1:33:16} 11. Qg4 {1:30:51} 11...
g6 {1:33:40} 12. Bh6 {1:29:03} 12... Rb8 {1:33:03} 13. b3 {1:24:18} 13... Rb4 {
1:32:07} 14. Qg3 {1:23:18} 14... Rh4 {1:29:08} 15. Bd2 {1:23:08} 15... Rh5 {
1:29:08} 16. Re2 {1:20:08} 16... Bh4 {1:24:47} 17. Qf4 {1:10:03} 17... Bg5 {
1:23:04} 18. Qa4 {1:10:22} 18... Bxd2 {1:22:44} 19. Rxd2 {1:10:48} 19... Qb6 {
1:11:06} 20. Ne2 {0:57:12} 20... Bb7 {0:57:35} 21. Ng3 {0:52:55} 21... Rxe5 {
0:57:15} 22. Kh1 {0:53:06} 22... g5 {0:38:20} 23. Rf1 {0:52:40} 23... h5 {
0:20:58} 24. f4 {0:50:15} 24... gxf4 {0:21:10} 25. Qxf4 {0:50:35} 25... h4 {
0:18:55} 26. Qxf7+ {0:47:19} 26... Kd8 {0:19:18} 27. Qg7 {0:47:40} 27... Re8 {
0:16:02} 28. Rf7 {0:45:52} 28... Re1+ {0:07:23} 29. Nf1 {0:45:06} 29... Bc8 {
0:02:15} 30. Qg5+ {0:42:54} 30... Kc7 {0:02:39} 31. Qxh4 {0:43:17} 31... Qe3 {
0:01:44} 32. Re2 {0:42:49} 32... Qxe2 {0:00:13} 33. Bxe2 {0:43:11} 33... Rxe2 {
0:00:38} 34. Rf2 {0:35:57} 34... Re4 {0:00:06} 35. Qg3+ {0:34:46} 35... e5 {
0:00:27} 36. h3 {0:33:26} 36... Re6 {0:00:01} 37. Ne3 {0:32:35} 37... Nc5 {
0:00:02} 38. h4 {0:32:14} 38... Kb6 {0:00:03} 39. Qg5 {0:31:27} 39... Bd7 {
0:00:01} 40. h5 {0:31:28} 40... Re8 {0:00:05} 41. Rf7 {0:28:17} 41... Be6 {
0:22:55} 42. Rg7 {0:52:05} 42... d4 {0:21:51} 43. Nf5 {0:51:35} 43... Rh8 {
0:09:38} 44. Nd6 {0:46:09} 44... Rg4 {0:06:29} 45. Nc4+ {0:42:03} 45... Kb5 {
0:06:45} 46. a4+ {0:42:18} 46... Nxa4 {0:02:07} 47. Rb7+ {0:42:35} 47... Kc5 {
0:02:35} 48. Qxe5+ {0:42:53} 48... Bd5 {0:03:04} 49. Qe7# {0:43:10} 1-0

[Event "GM-Turnier"]
[Site "Berlin"]
[Date "2009.07.05"]
[Round "3.5"]
[White "Lundin, Jan"]
[Black "Tischbierek, Raj"]
[Result "1/2-1/2"]
[WhiteElo "2382"]
[BlackElo "2447"]
[PlyCount "29"]
[EventDate "2009.07.??"]

1. d4 {1:27:15} 1... d5 {1:29:50} 2. c4 {1:27:22} 2... c6 {1:30:16} 3. Nf3 {
1:27:28} 3... Nf6 {1:29:45} 4. Nc3 {1:27:47} 4... dxc4 {1:28:56} 5. a4 {1:27:51
} 5... Bf5 {1:25:20} 6. e3 {1:27:41} 6... e6 {1:24:43} 7. Bxc4 {1:27:57} 7...
Bb4 {1:23:51} 8. O-O {1:27:58} 8... Nbd7 {1:23:41} 9. Qb3 {1:27:32} 9... a5 {
1:16:22} 10. Na2 {1:25:47} 10... Be7 {1:14:42} 11. Qxb7 {1:12:24} 11... Rb8 {
1:11:03} 12. Qa6 {1:11:08} 12... Ra8 {1:10:57} 13. Qb7 {1:11:29} 13... Rb8 {
1:11:22} 14. Qa6 {1:11:51} 14... Ra8 {1:11:47} 15. Qb7 {1:12:08} 1/2-1/2

[Event "GM-Turnier"]
[Site "Berlin"]
[Date "2009.07.05"]
[Round "3.6"]
[White "Rabiega, Robert"]
[Black "Figura, Atila Gajo"]
[Result "1/2-1/2"]
[WhiteElo "2551"]
[BlackElo "2436"]
[PlyCount "69"]
[EventDate "2009.07.??"]

1. e4 {1:18:44} 1... c5 {1:30:21} 2. c3 {1:19:10} 2... Nf6 {1:30:45} 3. e5 {
1:19:37} 3... Nd5 {1:31:09} 4. Nf3 {1:19:40} 4... d6 {1:31:25} 5. Bc4 {1:19:38}
5... e6 {1:29:32} 6. d4 {1:20:02} 6... cxd4 {1:29:57} 7. cxd4 {1:20:29} 7...
Be7 {1:30:18} 8. O-O {1:19:02} 8... O-O {1:30:42} 9. Qe2 {1:19:28} 9... Bd7 {
1:27:55} 10. Bd2 {1:12:00} 10... Bc6 {1:27:47} 11. Nc3 {1:12:14} 11... Nxc3 {
1:24:13} 12. Bxc3 {1:12:40} 12... Nd7 {1:24:07} 13. Rad1 {1:12:36} 13... Nb6 {
1:18:21} 14. Ba5 {1:13:02} 14... Qc8 {1:11:31} 15. Bxb6 {0:59:57} 15... Bxf3 {
1:06:23} 16. gxf3 {0:46:35} 16... axb6 {1:06:35} 17. f4 {0:47:00} 17... d5 {
1:05:58} 18. Bb3 {0:47:26} 18... f5 {1:06:11} 19. Rc1 {0:46:22} 19... Qd7 {
1:06:28} 20. Rc3 {0:46:29} 20... Rac8 {1:05:47} 21. Rfc1 {0:46:35} 21... Rxc3 {
1:04:25} 22. Rxc3 {0:46:55} 22... Rc8 {1:04:34} 23. Ba4 {0:47:18} 23... Qd8 {
1:04:59} 24. Qb5 {0:46:41} 24... Rxc3 {0:54:41} 25. bxc3 {0:47:07} 25... Kf7 {
0:55:03} 26. c4 {0:34:16} 26... dxc4 {0:54:04} 27. Qxc4 {0:34:44} 27... Qd5 {
0:54:18} 28. Qxd5 {0:29:04} 28... exd5 {0:54:39} 29. Bd7 {0:29:31} 29... g6 {
0:53:56} 30. Kf1 {0:29:09} 30... Ba3 {0:53:14} 31. Bc8 {0:27:20} 31... Bb2 {
0:52:26} 32. Bxb7 {0:27:13} 32... Ke6 {0:52:51} 33. Bc8+ {0:27:39} 33... Ke7 {
0:53:17} 34. Bb7 {0:27:29} 34... Ke6 {0:53:40} 35. Bc8+ {0:27:51} 1/2-1/2

[Event "GM-Turnier"]
[Site "Berlin"]
[Date "2009.07.06"]
[Round "4.1"]
[White "Schneider, Ilja"]
[Black "Figura, Atila Gajo"]
[Result "1/2-1/2"]
[WhiteElo "2508"]
[BlackElo "2436"]
[PlyCount "59"]
[EventDate "2009.07.??"]

1. d4 {1:30:12} 1... Nf6 {1:30:23} 2. Bg5 {1:30:16} 2... Ne4 {1:30:46} 3. Bf4 {
1:30:41} 3... c5 {1:31:12} 4. f3 {1:31:06} 4... Qa5+ {1:31:36} 5. c3 {1:31:32}
5... Nf6 {1:31:59} 6. Nd2 {1:31:58} 6... cxd4 {1:32:25} 7. Nb3 {1:32:24} 7...
Qb6 {1:32:50} 8. Qxd4 {1:32:49} 8... Nc6 {1:33:15} 9. Qxb6 {1:33:14} 9... axb6
{1:33:42} 10. Nd4 {1:33:40} 10... e5 {1:34:06} 11. Nxc6 {1:34:06} 11... exf4 {
1:34:33} 12. Nd4 {1:34:32} 12... Bc5 {1:34:57} 13. Nh3 {1:34:50} 13... Nh5 {
1:26:18} 14. Nb5 {1:13:08} 14... O-O {1:04:53} 15. Nc7 {1:12:19} 15... Ra4 {
1:05:14} 16. b3 {1:09:49} 16... Ra3 {1:05:17} 17. Nd5 {1:09:56} 17... d6 {
0:50:31} 18. Nhxf4 {1:03:14} 18... Nxf4 {0:50:50} 19. Nxf4 {1:03:39} 19... Be6
{0:51:09} 20. Nxe6 {1:00:15} 20... fxe6 {0:50:31} 21. e4 {0:59:45} 21... d5 {
0:50:42} 22. Bd3 {0:57:52} 22... Rfa8 {0:45:22} 23. Kd2 {0:56:47} 23... Rxa2+ {
0:44:35} 24. Rxa2 {0:57:13} 24... Rxa2+ {0:44:59} 25. Bc2 {0:57:41} 25... dxe4
{0:45:04} 26. fxe4 {0:58:03} 26... Bd6 {0:43:38} 27. Kc1 {0:44:45} 27... Ba3+ {
0:40:34} 28. Kd2 {0:45:11} 28... Bd6 {0:41:00} 29. Kc1 {0:45:37} 29... Ba3+ {
0:41:25} 30. Kd2 {0:46:06} 1/2-1/2

[Event "GM-Turnier"]
[Site "Berlin"]
[Date "2009.07.06"]
[Round "4.2"]
[White "Tischbierek, Raj"]
[Black "Rabiega, Robert"]
[Result "0-1"]
[WhiteElo "2447"]
[BlackElo "2551"]
[PlyCount "96"]
[EventDate "2009.07.??"]

1. e4 {1:30:30} 1... e5 {1:30:03} 2. Nf3 {1:30:03} 2... Nc6 {1:30:18} 3. Bb5 {
1:30:09} 3... Bc5 {1:28:36} 4. O-O {1:29:49} 4... Nf6 {1:28:31} 5. c3 {1:29:22}
5... O-O {1:28:51} 6. d4 {1:28:19} 6... Bb6 {1:29:14} 7. Bg5 {1:24:04} 7... d6
{1:26:34} 8. Qd3 {1:23:37} 8... h6 {1:21:38} 9. Bh4 {1:22:02} 9... Qe7 {1:21:28
} 10. Nbd2 {1:20:32} 10... Nb8 {1:21:24} 11. Rfe1 {1:09:35} 11... c6 {1:18:35}
12. Ba4 {1:08:11} 12... Re8 {1:16:00} 13. c4 {0:57:45} 13... Nbd7 {1:03:55} 14.
c5 {0:53:32} 14... dxc5 {1:04:11} 15. dxe5 {0:50:33} 15... Nxe5 {1:03:57} 16.
Nxe5 {0:48:53} 16... Qxe5 {1:04:13} 17. Nf3 {0:44:33} 17... c4 {0:41:15} 18.
Nxe5 {0:29:50} 18... cxd3 {0:41:05} 19. Bxf6 {0:30:15} 19... d2 {0:39:17} 20.
Re2 {0:23:20} 20... gxf6 {0:39:39} 21. Nc4 {0:18:36} 21... Be6 {0:35:13} 22.
Nxd2 {0:15:43} 22... Rad8 {0:35:07} 23. Bb3 {0:08:56} 23... Bxb3 {0:07:15} 24.
Nxb3 {0:09:22} 24... f5 {0:07:34} 25. Nd2 {0:04:11} 25... Ba5 {0:01:16} 26. Nc4
{0:03:45} 26... Bc7 {0:01:43} 27. e5 {0:03:47} 27... b5 {0:01:53} 28. Ne3 {
0:03:38} 28... Rxe5 {0:02:18} 29. Kf1 {0:03:17} 29... f4 {0:00:51} 30. Nd1 {
0:01:31} 30... b4 {0:00:17} 31. Rxe5 {0:01:28} 31... Bxe5 {0:00:46} 32. Ke2 {
0:01:41} 32... c5 {0:01:04} 33. Rc1 {0:01:45} 33... Bd4 {0:01:32} 34. Rc2 {
0:00:42} 34... Re8+ {0:00:50} 35. Kf3 {0:01:11} 35... Re1 {0:00:43} 36. Rd2 {
0:01:39} 36... Be5 {0:01:00} 37. b3 {0:01:26} 37... Kg7 {0:01:12} 38. Nb2 {
0:01:39} 38... Rh1 {0:00:22} 39. h3 {0:01:39} 39... Bd4 {0:00:07} 40. Nd3 {
0:01:45} 40... a5 {0:00:03} 41. Rc2 {0:00:39} 41... Ra1 {0:27:46} 42. Kxf4 {
0:29:54} 42... Kf6 {0:28:13} 43. g4 {0:21:04} 43... Ke6 {0:24:23} 44. Nxc5+ {
0:20:55} 44... Bxc5 {0:24:46} 45. Rxc5 {0:21:23} 45... Rxa2 {0:25:11} 46. Rc6+
{0:20:54} 46... Kd5 {0:25:00} 47. Rxh6 {0:20:28} 47... Kd4 {0:20:36} 48. Kg3 {
0:08:48} 48... Ra3 {0:17:44} 0-1

[Event "GM-Turnier"]
[Site "Berlin"]
[Date "2009.07.06"]
[Round "4.3"]
[White "Kurmann, Oliver"]
[Black "Lundin, Jan"]
[Result "1-0"]
[WhiteElo "2420"]
[BlackElo "2382"]
[PlyCount "61"]
[EventDate "2009.07.??"]

1. e4 {1:28:32} 1... c5 {1:30:22} 2. Nf3 {1:28:54} 2... e6 {1:30:46} 3. d4 {
1:29:13} 3... cxd4 {1:31:10} 4. Nxd4 {1:29:36} 4... Nf6 {1:31:32} 5. Nc3 {
1:30:00} 5... d6 {1:31:58} 6. g4 {1:29:06} 6... h6 {1:31:59} 7. Bg2 {1:28:35}
7... a6 {1:30:16} 8. h3 {1:28:19} 8... Qc7 {1:29:58} 9. Be3 {1:28:04} 9... Bd7
{1:29:53} 10. Qe2 {1:28:08} 10... Nc6 {1:27:01} 11. O-O-O {1:27:13} 11... Ne5 {
1:22:32} 12. f4 {1:24:11} 12... Nc4 {1:22:51} 13. Kb1 {1:24:17} 13... Rc8 {
1:14:27} 14. Bc1 {1:23:25} 14... b5 {1:06:21} 15. Rhe1 {1:22:40} 15... Be7 {
1:01:58} 16. e5 {1:20:45} 16... dxe5 {0:58:03} 17. fxe5 {1:20:48} 17... Nh7 {
0:58:07} 18. Nd5 {1:14:57} 18... exd5 {0:57:12} 19. Bxd5 {1:15:09} 19... Nf8 {
0:28:19} 20. Bxf7+ {1:12:26} 20... Kxf7 {0:26:21} 21. e6+ {1:12:49} 21... Bxe6
{0:24:43} 22. Nxe6 {1:12:23} 22... Nxe6 {0:19:43} 23. Qxe6+ {1:12:33} 23... Ke8
{0:18:13} 24. Qg6+ {1:12:02} 24... Kf8 {0:18:22} 25. Rf1+ {1:12:26} 25... Kg8 {
0:13:21} 26. Qf7+ {0:56:18} 26... Kh7 {0:13:38} 27. Qf5+ {0:56:44} 27... Kg8 {
0:13:59} 28. Rd7 {0:56:49} 28... Qc5 {0:10:43} 29. Qe6+ {0:53:34} 29... Kh7 {
0:10:56} 30. Rxe7 {0:53:46} 30... Qd4 {0:04:35} 31. Qf5+ {0:53:00  0:04:35} 1-0

[Event "GM-Turnier"]
[Site "Berlin"]
[Date "2009.07.06"]
[Round "4.4"]
[White "Paehtz, Elisabeth"]
[Black "Agopov, Mikael"]
[Result "1-0"]
[WhiteElo "2474"]
[BlackElo "2442"]
[PlyCount "61"]
[EventDate "2009.07.??"]

1. e4 {1:28:04} 1... c5 {1:30:20} 2. Nc3 {1:28:30} 2... Nc6 {1:30:35} 3. Bb5 {
1:28:55} 3... Nd4 {1:30:51} 4. Bc4 {1:29:20} 4... g6 {1:30:34} 5. Nf3 {1:29:44}
5... Bg7 {1:30:39} 6. O-O {1:30:05} 6... d6 {1:29:24} 7. Nxd4 {1:28:15} 7...
cxd4 {1:29:48} 8. Ne2 {1:27:45} 8... Nf6 {1:29:40} 9. d3 {1:27:48} 9... d5 {
1:20:19} 10. Bb5+ {1:28:10} 10... Bd7 {1:20:31} 11. Bxd7+ {1:28:36} 11... Nxd7
{1:20:39} 12. exd5 {1:28:57} 12... Nb6 {1:20:29} 13. c4 {1:28:37} 13... dxc3 {
1:20:46} 14. Nxc3 {1:29:00} 14... O-O {1:10:00} 15. Qb3 {1:27:17} 15... Bxc3 {
1:07:29} 16. bxc3 {1:27:30} 16... Qxd5 {1:07:55} 17. c4 {1:27:28} 17... Qd7 {
1:02:20} 18. a4 {1:13:27} 18... Rfd8 {0:56:48} 19. Rd1 {1:13:44} 19... Qc6 {
0:55:34} 20. Bg5 {1:08:48} 20... f6 {0:49:26} 21. Be3 {1:09:12} 21... e5 {
0:49:49} 22. a5 {0:56:28} 22... Nc8 {0:50:03} 23. Rab1 {0:53:38} 23... Rd7 {
0:45:00} 24. d4 {0:49:42} 24... exd4 {0:42:25} 25. Rxd4 {0:47:19} 25... Rxd4 {
0:42:48} 26. Bxd4 {0:47:44} 26... Rb8 {0:42:41} 27. c5+ {0:42:48} 27... Kg7 {
0:43:03} 28. Qg3 {0:35:12} 28... Ra8 {0:43:18} 29. Qf4 {0:34:05} 29... b6 {
0:38:58} 30. cxb6 {0:33:07} 30... axb6 {0:39:03} 31. Rc1 {0:33:15} 1-0

[Event "GM-Turnier"]
[Site "Berlin"]
[Date "2009.07.06"]
[Round "4.5"]
[White "Jemelin, Wassili"]
[Black "Stern, Rene"]
[Result "0-1"]
[WhiteElo "2588"]
[BlackElo "2498"]
[PlyCount "54"]
[EventDate "2009.07.??"]

1. e4 {1:26:14} 1... e5 {1:30:22} 2. Nf3 {1:26:39} 2... Nc6 {1:30:48} 3. Bc4 {
1:26:57} 3... Bc5 {1:31:06} 4. c3 {1:27:11} 4... Nf6 {1:31:28} 5. d3 {1:27:37}
5... d6 {1:31:47} 6. Bb3 {1:27:51} 6... h6 {1:32:06} 7. h3 {1:25:46} 7... a6 {
1:31:00} 8. Qe2 {1:24:54} 8... Ba7 {1:05:31} 9. Nbd2 {1:25:01} 9... Ne7 {
1:05:56} 10. Nf1 {1:05:09} 10... Ng6 {1:03:45} 11. g4 {0:58:06} 11... Be6 {
0:41:14} 12. Ng3 {0:54:30} 12... Bxb3 {0:36:21} 13. axb3 {0:54:56} 13... h5 {
0:36:42} 14. g5 {0:46:23} 14... h4 {0:35:21} 15. Nf5 {0:45:39} 15... Nh5 {
0:35:45} 16. d4 {0:37:52} 16... Ngf4 {0:33:22} 17. Bxf4 {0:38:06} 17... Nxf4 {
0:33:48} 18. Qc4 {0:11:47} 18... O-O {0:24:15} 19. dxe5 {0:04:54} 19... dxe5 {
0:12:06} 20. Rd1 {0:05:17} 20... Ng2+ {0:12:23} 21. Ke2 {0:05:28} 21... Nf4+ {
0:12:48} 22. Ke1 {0:05:56} 22... Qe8 {0:09:07} 23. Qxc7 {0:01:56} 23... Qb5 {
0:06:51} 24. Qc4 {0:01:55} 24... Qb6 {0:07:17} 25. Kd2 {0:00:50} 25... Qxf2+ {
0:07:22} 26. Kc1 {0:01:19} 26... Qxf3 {0:07:24} 27. Nxh4 {0:00:08} 27... Qe3+ {
0:06:41} 0-1

[Event "GM-Turnier"]
[Site "Berlin"]
[Date "2009.07.06"]
[Round "4.6"]
[White "Erdoes, Viktor"]
[Black "Maksimenko, Andrej"]
[Result "1-0"]
[WhiteElo "2565"]
[BlackElo "2544"]
[PlyCount "55"]
[EventDate "2009.07.??"]

1. d4 {1:28:47} 1... Nf6 {1:30:23} 2. c4 {1:29:11} 2... g6 {1:30:49} 3. Nc3 {
1:28:07} 3... d5 {1:31:12} 4. cxd5 {1:28:30} 4... Nxd5 {1:31:36} 5. e4 {1:28:57
} 5... Nxc3 {1:31:59} 6. bxc3 {1:29:23} 6... Bg7 {1:32:24} 7. Bc4 {1:29:35}
7... c5 {1:32:27} 8. Ne2 {1:30:00} 8... O-O {1:32:45} 9. O-O {1:30:26} 9... Nc6
{1:33:08} 10. Be3 {1:30:51} 10... Na5 {1:33:10} 11. Bd3 {1:30:57} 11... b6 {
1:33:30} 12. Qd2 {1:31:23} 12... e5 {1:30:38} 13. dxe5 {1:31:49} 13... Bxe5 {
1:26:40} 14. Rad1 {1:26:46} 14... Bb7 {0:46:41} 15. Bh6 {1:15:20} 15... Re8 {
0:39:14} 16. f4 {1:13:33} 16... Bh8 {0:31:13} 17. e5 {1:05:31} 17... c4 {
0:14:53} 18. Bc2 {1:05:03} 18... Qxd2 {0:13:08} 19. Rxd2 {1:05:27} 19... Rad8 {
0:12:22} 20. Rfd1 {1:02:04} 20... Rxd2 {0:10:41} 21. Rxd2 {1:02:29} 21... f6 {
0:10:26} 22. f5 {0:45:47} 22... gxf5 {0:08:58} 23. Bxf5 {0:40:35} 23... Rxe5 {
0:08:47} 24. Rd8+ {0:33:16} 24... Kf7 {0:09:12} 25. Nd4 {0:33:44} 25... Nc6 {
0:07:59} 26. Rxh8 {0:25:12} 26... Nxd4 {0:08:24} 27. Rxh7+ {0:25:14} 27... Kg8
{0:06:34} 28. Rg7+ {0:25:36} 1-0

[Event "GM-Turnier"]
[Site "Berlin"]
[Date "2009.07.07"]
[Round "5.1"]
[White "Maksimenko, Andrej"]
[Black "Schneider, Ilja"]
[Result "1-0"]
[WhiteElo "2544"]
[BlackElo "2508"]
[PlyCount "37"]
[EventDate "2009.07.??"]

1. e4 {1:30:25} 1... e5 2. Nf3 {1:30:51} 2... Nc6 3. Bb5 {1:31:11} 3... a6 4.
Bxc6 dxc6 5. O-O Be6 6. Nc3 {1:12:03} 6... f6 {1:21:05} 7. d4 {1:12:13} 7...
Bc4 {1:21:22} 8. Re1 {1:10:55} 8... exd4 {1:21:41} 9. e5 {1:00:31} 9... f5 {
1:13:10} 10. Nxd4 {0:59:45} 10... g6 {1:11:55} 11. b3 {0:50:20} 11... Bb4 {
1:03:45} 12. Bb2 {0:48:59} 12... Bd5 {1:02:56} 13. Nxd5 {0:40:20} 13... Qxd5 {
1:00:07} 14. c3 {0:26:14} 14... Ba5 {1:00:23} 15. e6 {0:11:55} 15... O-O-O {
0:57:48} 16. b4 {0:09:20} 16... Bb6 {0:55:53} 17. e7 {0:08:45} 17... Re8 {
0:56:21} 18. c4 {0:08:51} 18... Qxc4 {0:55:14} 19. Nf3 {0:08:12} 1-0